[Event "4NCL 2022-2023"]
[Site "Daventry"]
[Date "2023.03.19"]
[Round "8.31"]
[White "Murray, David"]
[Black "Starley, Robert"]
[Result "0-1"]
[WhiteElo "2120"]
[BlackElo "2056"]
[Annotator "TA"]
[PlyCount "44"]
[EventDate "2022.10.20"]
[EventType "team-tourn"]
[EventCountry "ENG"]
[SourceTitle "playchess.com"]
[Source "ChessBase"]
[SourceQuality "1"]
[TimeControl "40/6000+30:2400+30"]

{[%evp 23,44,0,35,-64,30,-95,-105,-253,-229,-344,-359,-650,-638,-650,-654,-2011,-1925,-29984,-29985,-29985,-29986,-29986,-29987]} 1. e4 {[%emt 0:00:06]} e5 {[%emt 0:00:09]} 2. Nf3 {[%emt 0:00:10]} Nc6 {[%emt 0:00:10]} 3. d4 {[%emt 0:00:49]} exd4 {[%emt 0:00:08]} 4. Nxd4 {[%emt 0:00:07]} Nf6 {[%emt 0:00:14]} 5. Nxc6 {[%emt 0:00:54]} bxc6 {[%emt 0:00:06]} 6. e5 {[%emt 0:00:08]} Qe7 {[%emt 0:00:37]} 7. Qe2 {[%emt 0:00:12]} Nd5 {[%emt 0:00:09]} 8. c4 {[%emt 0:01:38]} Ba6 {[%emt 0:00:31]} 9. g3 {[%emt 0:02:31]} g6 {[%emt 0:02:18]} 10. b3 {[%emt 0:07:29]} Bg7 {[%emt 0:01:03]} 11. Bb2 {[%emt 0:00:26]} O-O {[%emt 0:00:22]} 12. Bg2 {[%emt 0:00:59]} Rfe8 {[%emt 0:05:12]} 13. f4 {[%emt 0:03:36] C45: Scotch Game.} ({White should try} 13. O-O $1 $14) 13... Qc5 {[%emt 0:06:46] [#]} (13... f6 $15 14. O-O fxe5) 14. Nd2 $146 {[%emt 0:16:02]} (14. Nc3 $11 {keeps the balance.}) ({Predecessor:} 14. Ba3 Qe3 15. Nd2 Bxe5 16. fxe5 Qd4 17. O-O-O Nc3 {½-½ Novikovas,A (1862)-Vaicekauskas,G (2228) LTU-ch Vilnius 2017 (2)}) 14... Ne3 $17 {[%emt 0:06:03] Threatens to win with ...d6. Black is more active.} 15. Be4 {[%emt 0:23:05]} (15. Ne4 $17 Qb6 16. Nc3) 15... d5 $19 {[%emt 0:06:47]} 16. Bd3 {[%emt 0:02:47] [#]} (16. b4 {was worth a try.} Qb6 17. b5) 16... f6 $1 {[%emt 0:12:00][%cal Bf7f6,Bf6e5,Be5f4][%mdl 32]} 17. Rc1 $2 {[%emt 0:05:43]} (17. b4 Qxb4 18. Qxe3 Qxb2 19. O-O fxe5 20. Rab1 exf4 21. Qxf4 Qxa2 22. Kh1) 17... fxe5 {[%emt 0:04:08]} 18. cxd5 {[%emt 0:01:33]} Qxd5 {[%emt 0:00:40]} 19. Bxa6 {[%emt 0:04:36]} Qxh1+ {[%emt 0:00:33]} 20. Kf2 {[%emt 0:02:20]} Qg2+ {[%emt 0:01:45] Black mates.} 21. Ke1 {[%emt 0:01:27]} Qg1+ {[%emt 0:02:15]} 22. Nf1 {[%emt 0:00:13]} exf4 {[%emt 0:03:28] White got outplayed after the opening.   Weighted Error Value: White=1.94/Black=0.12 (very precise)} 0-1

[Event "4NCL 2022-2023"]
[Site "Daventry"]
[Date "2023.03.19"]
[Round "8.32"]
[White "Sivanandan, Bodhana"]
[Black "Putar, Lara"]
[Result "0-1"]
[WhiteElo "1725"]
[BlackElo "1857"]
[Annotator "NA RC COMBH"]
[PlyCount "66"]
[EventDate "2022.10.20"]
[EventType "team-tourn"]
[EventCountry "ENG"]
[SourceTitle "playchess.com"]
[Source "ChessBase"]
[SourceQuality "1"]
[TimeControl "40/6000+30:2400+30"]

1. e4 {[%emt 0:00:02]} e6 {[%emt 0:00:25]} 2. d4 {[%emt 0:00:28]} d5 {[%emt 0:00:11]} 3. e5 {[%emt 0:01:45]} c5 {[%emt 0:00:07]} 4. c3 {[%emt 0:00:26]} Nc6 {[%emt 0:00:15]} 5. Nf3 {[%emt 0:00:36]} Bd7 {[%emt 0:00:31]} 6. Be2 {[%emt 0:01:20]} cxd4 {[%emt 0:00:45]} 7. cxd4 {[%emt 0:02:22]} Nge7 {[%emt 0:00:50]} 8. Nc3 {[%emt 0:02:53]} Nf5 {[%emt 0:00:47]} 9. O-O {[%emt 0:08:07]} Be7 {[%emt 0:07:21]} 10. Re1 {[%emt 0:07:35]} O-O {[%emt 0:04:15]} 11. Bd3 {[%emt 0:05:59]} Bb4 {[%emt 0:29:09]} 12. Bxf5 {[%emt 0:05:19]} exf5 {[%emt 0:00:15]} 13. Bd2 {[%emt 0:01:00]} Be6 {[%emt 0:05:44]} 14. Ne2 {[%emt 0:06:57]} Be7 {[%emt 0:03:29]} 15. h3 {[%emt 0:11:28]} Rc8 {[%emt 0:15:00]} 16. Rc1 {[%emt 0:04:58]} g5 {[%emt 0:10:58]} 17. Nh2 {[%emt 0:06:09]} Kh8 {[%emt 0:11:01]} 18. Kh1 {[%emt 0:08:30]} Rg8 {[%emt 0:01:47]} 19. f4 {[%emt 0:03:25]} g4 {[%emt 0:01:12]} 20. hxg4 {[%emt 0:01:38]} fxg4 {[%emt 0:00:08]} 21. g3 {[%emt 0:01:23]} Bf5 {[%emt 0:01:15]} 22. a3 {[%emt 0:05:18]} Rg6 {[%emt 0:01:30]} 23. Kg1 {[%emt 0:03:03]} Qf8 {[%emt 0:01:43]} 24. Nf1 {[%emt 0:02:15]} Qh6 {[%emt 0:01:32]} 25. Kf2 {[%emt 0:02:43]} Be4 {[%emt 0:02:40]} 26. Ne3 {[%emt 0:03:07]} Qh2+ {[%emt 0:00:45]} 27. Kf1 {[%emt 0:00:24]} Rh6 {[%emt 0:02:14]} 28. Rc3 {[%emt 0:02:23]} Bf3 {[%emt 0:01:03]} 29. Qc2 {[%emt 0:04:02]} Bxe2+ {[%emt 0:00:44]} 30. Rxe2 {[%emt 0:00:24]} Qh1+ {[%emt 0:00:08]} 31. Kf2 {[%emt 0:00:26]} Rh2+ {[%emt 0:00:30]} 32. Ng2 {[%emt 0:00:14]} Qxg2+ {[%emt 0:00:07]} 33. Ke1 {[%emt 0:00:23]} Qxe2# {[%emt 0:00:08]} 0-1

[Event "4NCL 2022-2023"]
[Site "Daventry"]
[Date "2023.03.19"]
[Round "8.33"]
[White "Kozusek, Daniel"]
[Black "Chow, Samuel"]
[Result "1-0"]
[WhiteElo "2328"]
[BlackElo "2308"]
[Annotator "TA"]
[PlyCount "81"]
[EventDate "2022.10.20"]
[EventType "team-tourn"]
[EventCountry "ENG"]
[SourceTitle "playchess.com"]
[Source "ChessBase"]
[SourceQuality "1"]
[TimeControl "40/6000+30:2400+30"]

{[%evp 15,81,8,6,5,7,4,19,25,38,20,35,38,37,35,36,36,58,58,58,51,62,66,63,39,37,25,109,104,106,106,102,107,109,93,120,108,116,116,153,69,141,139,262,258,377,366,475,466,648,568,570,555,547,547,990,990,994,989,972,912,1110,1021,29976,29977,29980,29981,29979,29958]} 1. d4 {[%emt 0:04:01]} Nf6 {[%emt 0:00:15]} 2. c4 {[%emt 0:00:04]} g6 {[%emt 0:00:27]} 3. g3 {[%emt 0:00:04]} c6 {[%emt 0:00:45]} 4. Bg2 {[%emt 0:00:18]} d5 {[%emt 0:00:17]} 5. Nf3 {[%emt 0:00:04]} Bg7 {[%emt 0:00:11]} 6. O-O {[%emt 0:00:07]} O-O {[%emt 0:00:07]} 7. Ne5 {[%emt 0:00:02]} Ng4 {[%emt 0:02:48]} 8. cxd5 {[%emt 0:01:12]} cxd5 {[%emt 0:01:46]} 9. Bf4 $1 {[%emt 0:00:14][%mdl 4] is more profitable than 9.Nxg4 at the moment. D79: Fianchetto Grünfeld: Symmetrical Variation (6 0-0 c6 7 cxd5 cxd5).} Nxe5 {[%emt 0:03:21]} 10. Bxe5 {[%emt 0:00:07]} Bxe5 {[%emt 0:01:13]} 11. dxe5 {[%emt 0:00:04] [#] The position is equal.} e6 $146 {[%emt 0:00:45]} ({Predecessor:} 11... Nc6 12. Qxd5 Qxd5 13. Bxd5 Nxe5 14. Nc3 Bd7 15. Rfd1 Bc6 16. f4 e6 17. Bxc6 Nxc6 {1-0 Artemiev,V (2701)-Duda,J (2731) Speed Chess Q2 blitz 2022 (13)}) 12. e4 {[%emt 0:05:17][%cal Re4d5]} dxe4 {[%emt 0:11:22]} 13. Qxd8 {[%emt 0:06:05]} Rxd8 {[%emt 0:00:06]} 14. Bxe4 {[%emt 0:00:08]} Na6 {[%emt 0:12:09]} 15. Nc3 {[%emt 0:04:46]} Rb8 {[%emt 0:06:10]} 16. Rfd1 {[%emt 0:02:28][%cal Bf1d1,Bd1d6,Bd6c6][%mdl 32]} Bd7 {[%emt 0:02:40]} 17. Rd6 {[%emt 0:05:38] aiming for Rad1.} Kf8 {[%emt 0:04:43][%cal Od7c6]} 18. Rad1 {[%emt 0:01:22]} Ke7 {[%emt 0:08:26]} 19. Bxb7 {[%emt 0:05:34][%mdl 64] [#] Remove Defender. White is much more active.} Nc5 {[%emt 0:01:13]} 20. Bc6 $36 {[%emt 0:00:18][%mdl 2048] White has the initiative.} Bxc6 {[%emt 0:06:40]} (20... Rxb2 $11 {remains equal.} 21. Bxd7 Nxd7) 21. Rxc6 $16 {[%emt 0:00:14]} Rxd1+ {[%emt 0:00:29]} 22. Nxd1 $11 {[%emt 0:00:05][%mdl 4096] Endgame KRN-KRN} Nd3 {[%emt 0:00:12][%csl LRb2,LRe5]} 23. Rc7+ {[%emt 0:02:06]} Kf8 {[%emt 0:00:38]} 24. b3 {[%emt 0:08:53]} Nxe5 {[%emt 0:03:24]} 25. Rxa7 {[%emt 0:01:58]} Rd8 {[%emt 0:04:53] [#]} 26. Nc3 {[%emt 0:06:27]} h6 {[%emt 0:03:29]} 27. Ra5 {[%emt 0:01:58]} ({Better is} 27. Rc7 $16) 27... Nf3+ {[%emt 0:04:26]} (27... Nd3 $14) 28. Kg2 $16 {[%emt 0:01:01]} Rd3 {[%emt 0:00:41]} (28... Ne1+ $16 {was necessary.} 29. Kf1 Nf3) 29. Rc5 $18 {[%emt 0:03:18]} Nd4 {[%emt 0:13:38]} (29... Ne1+ $142 30. Kf1 Nc2) 30. b4 {[%emt 0:02:07][%cal Bb3b4,Bb4b5,Bb5b6,Bb6b7][%mdl 32]} Rd2 {[%emt 0:00:54]} 31. a4 {[%emt 0:00:55][%cal Ba2a4,Ba4a5,Ba5a6,Ba6a7][%mdl 32]} Rb2 {[%emt 0:00:43]} 32. b5 {[%emt 0:02:05] a5 would be deadly.} Nb3 {[%emt 0:00:35]} 33. Rc8+ {[%emt 0:00:45]} Ke7 {[%emt 0:00:12]} 34. b6 {[%emt 0:00:23] Hoping for b7.} Nd4 {[%emt 0:01:59]} 35. a5 {[%emt 0:03:49] Strongly threatening Na4.} Kd7 {[%emt 0:01:52]} 36. Rc7+ {[%emt 0:00:29][%mdl 64] Skewer} Kd6 {[%emt 0:02:00]} 37. Ne4+ {[%emt 0:02:17]} Ke5 {[%emt 0:02:32]} 38. b7 {[%emt 0:01:33]} Kxe4 {[%emt 0:03:36]} 39. a6 {[%emt 0:00:13] White mates.} Nf5 {[%emt 0:00:40]} 40. a7 {[%emt 0:00:58]} Ne3+ {[%emt 0:00:11]} 41. Kh3 {[%emt 0:40:07] Weighted Error Value: White=0.07 (flawless) /Black=0.46} 1-0

[Event "4NCL 2022-2023"]
[Site "Daventry"]
[Date "2023.05.01"]
[Round "11.1"]
[White "Speelman, Jon S"]
[Black "Rowson, Jonathan"]
[Result "1/2-1/2"]
[WhiteElo "2500"]
[BlackElo "2547"]
[Annotator "TA"]
[PlyCount "39"]
[EventDate "2022.10.20"]
[EventType "team-tourn"]
[EventCountry "ENG"]
[SourceTitle "playchess.com"]
[Source "ChessBase"]
[SourceQuality "1"]

1. Nf3 d5 2. g3 Nf6 3. Bg2 Bg4 4. O-O Nbd7 5. d4 e6 6. Nbd2 Be7 7. Re1 O-O 8. e4 dxe4 9. Nxe4 c6 10. c3 Nxe4 11. Rxe4 Bf5 12. Re1 a5 13. a4 h6 14. Qe2 Qb6 15. Nd2 Qa6 16. Nc4 Nb6 17. b3 Rfd8 18. Ba3 Bxa3 19. Nxa3 Qxe2 20. Rxe2 1/2-1/2

[Event "4NCL 2022-2023"]
[Site "Daventry"]
[Date "2023.05.01"]
[Round "11.12"]
[White "Grieve, Harry"]
[Black "Cyborowski, Lukasz"]
[Result "1/2-1/2"]
[WhiteElo "2442"]
[BlackElo "2498"]
[Annotator "TA"]
[PlyCount "34"]
[EventDate "2022.10.20"]
[EventType "team-tourn"]
[EventCountry "ENG"]
[SourceTitle "playchess.com"]
[Source "ChessBase"]
[SourceQuality "1"]

1. e4 c5 2. Nf3 e6 3. Nc3 a6 4. g3 Nc6 5. Bg2 d6 6. O-O Nf6 7. d4 cxd4 8. Nxd4 Bd7 9. Nxc6 Bxc6 10. Bf4 Rc8 11. Nd5 Bxd5 12. exd5 e5 13. Be3 Be7 14. c4 O-O 15. Qb3 Ng4 16. Bb6 Qd7 17. Rac1 Kh8 1/2-1/2

[Event "4NCL 2022-2023"]
[Site "Daventry"]
[Date "2023.05.01"]
[Round "11.14"]
[White "Rendle, Thomas E"]
[Black "Turner, Matthew J"]
[Result "1/2-1/2"]
[WhiteElo "2380"]
[BlackElo "2441"]
[Annotator "TA"]
[PlyCount "38"]
[EventDate "2022.10.20"]
[EventType "team-tourn"]
[EventCountry "ENG"]
[SourceTitle "playchess.com"]
[Source "ChessBase"]
[SourceQuality "1"]

1. d4 d5 2. c4 c6 3. cxd5 cxd5 4. Bf4 Nc6 5. e3 Nf6 6. Nc3 a6 7. Nf3 Bg4 8. h3 Bxf3 9. Qxf3 e6 10. Bd3 Bd6 11. Bg5 Be7 12. O-O O-O 13. Rac1 Rc8 14. Qe2 Ne8 15. Bxe7 Qxe7 16. Na4 Nd6 17. Qd2 Rc7 18. Rc2 Nc4 19. Bxc4 dxc4 1/2-1/2

[Event "4NCL 2022-2023"]
[Site "Daventry"]
[Date "2023.05.01"]
[Round "11.16"]
[White "Foisor, Sabina-Francesca"]
[Black "Terbe, Julianna"]
[Result "1/2-1/2"]
[WhiteElo "2185"]
[BlackElo "2278"]
[Annotator "TA"]
[PlyCount "37"]
[EventDate "2022.10.20"]
[EventType "team-tourn"]
[EventCountry "ENG"]
[SourceTitle "playchess.com"]
[Source "ChessBase"]
[SourceQuality "1"]

1. d4 d5 2. Nf3 Nf6 3. e3 c5 4. b3 cxd4 5. exd4 Nc6 6. Bd3 Bg4 7. Bb2 e6 8. Nbd2 Be7 9. h3 Bh5 10. O-O O-O 11. a3 Bg6 12. Bxg6 hxg6 13. Ne5 Qb6 14. Ndf3 Rfd8 15. Qd3 Ne4 16. c4 Nxe5 17. Nxe5 Bf6 18. c5 Qc7 19. Ng4 1/2-1/2

[Event "4NCL 2022-2023"]
[Site "Daventry"]
[Date "2023.05.01"]
[Round "11.23"]
[White "Nilssen, Ellen Fredericia"]
[Black "Hoffmann, Hendrik"]
[Result "1/2-1/2"]
[WhiteElo "2144"]
[BlackElo "2264"]
[Annotator "TA"]
[PlyCount "33"]
[EventDate "2022.10.20"]
[EventType "team-tourn"]
[EventCountry "ENG"]
[SourceTitle "playchess.com"]
[Source "ChessBase"]
[SourceQuality "1"]

1. d4 d5 2. c4 dxc4 3. Nf3 Nf6 4. e3 e6 5. Bxc4 a6 6. b3 c5 7. O-O Nc6 8. Bb2 b5 9. Be2 Bb7 10. a4 b4 11. Nbd2 Na5 12. Nc4 Nxc4 13. Bxc4 Be7 14. Ne5 O-O 15. Qe2 cxd4 16. Bxd4 Nd5 17. Rfd1 1/2-1/2